Catálogo

La educación de las elites : (Registro nro. 65992)

Detalles MARC
000 -LEADER
fixed length control field 00795nam a2200241 u 4500
001 - CONTROL NUMBER
control field 65992
005 - DATE AND TIME OF LATEST TRANSACTION
control field 20180714073548.0
008 - FIXED-LENGTH DATA ELEMENTS--GENERAL INFORMATION
fixed length control field 160824s2008 ag r 000 0 spa d
020 ## - INTERNATIONAL STANDARD BOOK NUMBER
International Standard Book Number 9789501215144
041 0# - LANGUAGE CODE
Language code of text/sound track or separate title spa
082 0# - DEWEY DECIMAL CLASSIFICATION NUMBER
Classification number 306.43
Item number TIR
100 1# - MAIN ENTRY--PERSONAL NAME
Personal name Tiramonti, Guillermina,
Relator term autor
245 13 - TITLE STATEMENT
Title La educación de las elites :
Remainder of title aspiraciones, estrategias y oportunidades /
Statement of responsibility, etc. Guillermina Tiramonti, Sandra Ziegler.
250 ## - EDITION STATEMENT
Edition statement Primera edición
264 #1 - PRODUCTION, PUBLICATION, DISTRIBUTION, MANUFACTURE, AND COPYRIGHT NOTICE
Place of production, publication, distribution, manufacture Argentina :
Name of producer, publisher, distributor, manufacturer Editorial Paidós,
Date of production, publication, distribution, manufacture, or copyright notice 2008
300 ## - PHYSICAL DESCRIPTION
Extent 202 páginas ;
Dimensions 22 cm.
336 ## - CONTENT TYPE
Content type term texto
Source rdacontent
337 ## - MEDIA TYPE
Media type term sin mediación
Source rdamedia
338 ## - CARRIER TYPE
Carrier type term volumen
Source rdacarrier
490 0# - SERIES STATEMENT
Series statement Voces de la educación
650 #4 - SUBJECT ADDED ENTRY--TOPICAL TERM
Topical term or geographic name entry element Sociología de la educación
700 1# - ADDED ENTRY--PERSONAL NAME
Personal name Ziegler, Sandra,
Relator term autor
Existencias
Withdrawn status Lost status Source of classification or shelving scheme Damaged status Not for loan Collection code Home library Current library Shelving location Date acquired Source of acquisition Inventory number Total Checkouts Full call number Barcode Date last seen Price effective from Koha item type
    Dewey Decimal Classification     General Biblioteca Karol Wojtyla Biblioteca Karol Wojtyla Sala general 24/08/2016 Compra 151000000000000000053482   306.43 TIR 2008 96166 05/01/2026 25/08/2016 Libro